Human resource management in the multinational company / (Record no. 3043)
[ view plain ]
| 000 -LEADER | |
|---|---|
| fixed length control field | nam a22 7a 4500 |
| 005 - DATE AND TIME OF LATEST TRANSACTION | |
| control field | 20170519102034.0 |
| 008 - FIXED-LENGTH DATA ELEMENTS--GENERAL INFORMATION | |
| fixed length control field | 170519b1977 enk||||| |||| 00| 0 eng d |
| 020 ## - INTERNATIONAL STANDARD BOOK NUMBER | |
| International Standard Book Number | 0566020033 : |
| Terms of availability | £12.50 |
| 040 ## - CATALOGING SOURCE | |
| Original cataloging agency | AKMAL |
| 082 ## - DEWEY DECIMAL CLASSIFICATION NUMBER | |
| Classification number | 658.3 DES |
| 090 ## - LOCALLY ASSIGNED LC-TYPE CALL NUMBER (OCLC); LOCAL CALL NUMBER (RLIN) | |
| Classification number (OCLC) (R) ; Classification number, CALL (RLIN) (NR) | 658.3 |
| Local cutter number (OCLC) ; Book number/undivided call number, CALL (RLIN) | DES |
| 100 1# - MAIN ENTRY--PERSONAL NAME | |
| Personal name | Desatnick, Robert L. |
| 9 (RLIN) | 6342 |
| 245 10 - TITLE STATEMENT | |
| Title | Human resource management in the multinational company / |
| Remainder of title | [by] R. L. Desatnick & M. L. Bennett ; edited by Raymond Maddison. |
| 260 ## - PUBLICATION, DISTRIBUTION, ETC. | |
| Place of publication, distribution, etc. | Farnborough. Hants. : |
| Name of publisher, distributor, etc. | Gower Press, |
| Date of publication, distribution, etc. | 1977 |
| 300 ## - PHYSICAL DESCRIPTION | |
| Extent | xii, 411 p. : |
| Other physical details | ill., forms ; |
| Dimensions | 23 cm |
| 500 ## - GENERAL NOTE | |
| General note | Includes index. |
| 650 #0 - SUBJECT ADDED ENTRY--TOPICAL TERM | |
| Topical term or geographic name entry element | International business enterprises |
| General subdivision | Personnel management. |
| 9 (RLIN) | 6179 |
| 700 1# - ADDED ENTRY--PERSONAL NAME | |
| Personal name | Bennett, Margo L., |
| Relator term | joint author. |
| 9 (RLIN) | 6343 |
| 700 1# - ADDED ENTRY--PERSONAL NAME | |
| Personal name | Maddison, Raymond. |
| 9 (RLIN) | 6344 |
| 942 ## - ADDED ENTRY ELEMENTS (KOHA) | |
| Source of classification or shelving scheme | |
| Koha item type | Book |
| Withdrawn status | Lost status | Source of classification or shelving scheme | Damaged status | Not for loan | Collection code | Home library | Current library | Shelving location | Date acquired | Inventory number | Total Checkouts | Full call number | Barcode | Date last seen | Price effective from | Koha item type |
|---|---|---|---|---|---|---|---|---|---|---|---|---|---|---|---|---|
| NON-FICTION | AKMAL Melaka | AKMAL Melaka | PINJAMAN | 19.05.2017 | 600118 | 658.3 DES | 201703743 | 19.05.2017 | 19.05.2017 | Book |
